Statistics for Halo Reach Ranks

Click here to take the quiz!

General Stats

  • This quiz has been taken 25 times
  • The average score is 11 of 21

Answer Stats

Answer% Correct
Captain
76%
Corporal
71%
General
71%
Colonel
67%
Major
67%
Inheritor
62%
Sergeant
62%
Commander
57%
Brigadier
52%
Mythic
52%
Noble
52%
Recruit
52%
Field Marshal
48%
Forerunner
48%
Legend
43%
Lieutenant Colonel
43%
Nova
43%
Warrant Officer
43%
Eclipse
38%
Hero
38%
Reclaimer
29%

Score Distribution

Percentile by Number Answered

Percent of People with Each Score

Your Score History

You have not taken this quiz